Fuentes de crecimiento de la agricultura argentina y perspectivas para la década del noventa (Registro nro. 22916)
[ vista simple ]
| 000 -LEADER | |
|---|---|
| fixed length control field | 00382 a2200109 4500 |
| 001 - CONTROL NUMBER | |
| control field | ART_5574 |
| 005 - DATE AND TIME OF LATEST TRANSACTION | |
| control field | 20260410161827.0 |
| 008 - FIXED-LENGTH DATA ELEMENTS--GENERAL INFORMATION | |
| fixed length control field | 260409a |
| 100 1# - MAIN ENTRY--PERSONAL NAME | |
| Personal name | Penna, Julio A. |
| 245 10 - TITLE STATEMENT | |
| Title | Fuentes de crecimiento de la agricultura argentina y perspectivas para la década del noventa |
| 773 0# - HOST ITEM ENTRY | |
| Title | Estudios Económicos |
| Related parts | - Vol. 4, Nº 7/8 (ene./dic. 1986) |
| Record control number | REV5080 |
No hay ítems disponibles.